Normal view MARC view
  • JAVA PROGRAMMING-DATABASE DATABASE PROGRAMMING-JAVA

Entry Topical Term

Number of records used in: 1

001 - CONTROL NUMBER

  • control field: 80581

003 - CONTROL NUMBER IDENTIFIER

  • control field: NUST

005 - DATE AND TIME OF LATEST TRANSACTION

  • control field: 20210628210706.0

008 - FIXED-LENGTH DATA ELEMENTS

  • fixed length control field: 210628|| aca||aabn | a|a d

040 ## - CATALOGING SOURCE

  • Original cataloging agency: NUST
  • Transcribing agency: NUST

150 ## - HEADING--TOPICAL TERM

  • Topical term or geographic name entry element: JAVA PROGRAMMING-DATABASE DATABASE PROGRAMMING-JAVA

670 ## - SOURCE DATA FOUND

  • Source citation: Work cat.: (NUST): BERRY LOY 80580, JAVA DATABASE PROGRAMMING,MULTIMEDIA CYBER CLASS ROOM USER'S GUIDE, 1998
© 2023 Central Library, National University of Sciences and Technology. All Rights Reserved.